000 00824nam a22002773u 4500
001 DHIM2025102913130035
003 D-627
005 20251030112343.0
007 tu
008 251029s2021 ai ||||| |||| 00| 0 eng d
020 _6978-9939-886-23-7
_a9789939886237
040 _aRU-10907106
_bger
_cRU-10907106
100 _aKharatyan, Hranush
_967499
_4aut
245 _aKhojalu "Genocide" and its Mission in Karabakh Conflict
264 1 _aYerevan
_bNational Academy of Sciences of the Rebublic of Armenia
_c2021
300 _a206 Seiten
336 _2rdacontent
_aText
_btxt
337 _2rdamedia
338 _2rdacarrier
362 _a2021
650 _aBergkarabachkonflikt
_967500
651 _aArmenien
_97192
651 _aAserbaidschan
_9463
700 _4trl
_aHakobyan, Ester
_967514
942 _2z
_cMG
999 _c73109
_d73109